004830000a22001570004500020001800000082001700018100001900035245006800054260002800122300001000150440001900160001000400179942000800183952011700191999001700308 a0-689-81751-704aGI CD Sa139o1 aBaum, L. Frank10aThe Wonderful Wizard of Oz / L. FRank Baum, il. : Robert Sabuda aNew York : Little Simon a12 P. 0aCol. \ Pop UP910 cLGB 0010304070aBINCObBINCOd2006-04-26l0oGI CD Sa139o pB30995r2016-11-24 00:00:00t1w2016-01-26yLGBB0C3 c48099d48099